<?xml version="1.0" encoding="UTF-8"?><?xml-stylesheet type="text/xsl" href="static/style.xsl"?><OAI-PMH xmlns="http://www.openarchives.org/OAI/2.0/" xmlns:xsi="http://www.w3.org/2001/XMLSchema-instance" xsi:schemaLocation="http://www.openarchives.org/OAI/2.0/ http://www.openarchives.org/OAI/2.0/OAI-PMH.xsd"><responseDate>2026-04-13T15:07:56Z</responseDate><request verb="GetRecord" identifier="oai:www.recercat.cat:10256/12554" metadataPrefix="marc">https://recercat.cat/oai/request</request><GetRecord><record><header><identifier>oai:recercat.cat:10256/12554</identifier><datestamp>2024-06-14T09:43:42Z</datestamp><setSpec>com_2072_452955</setSpec><setSpec>com_2072_2054</setSpec><setSpec>col_2072_453064</setSpec></header><metadata><record xmlns="http://www.loc.gov/MARC21/slim" xmlns:dcterms="http://purl.org/dc/terms/" xmlns:xsi="http://www.w3.org/2001/XMLSchema-instance" xmlns:doc="http://www.lyncode.com/xoai" xsi:schemaLocation="http://www.loc.gov/MARC21/slim http://www.loc.gov/standards/marcxml/schema/MARC21slim.xsd">
   <leader>00925njm 22002777a 4500</leader>
   <datafield ind2=" " ind1=" " tag="042">
      <subfield code="a">dc</subfield>
   </datafield>
   <datafield ind2=" " ind1=" " tag="720">
      <subfield code="a">Zaragoza, Verònica</subfield>
      <subfield code="e">author</subfield>
   </datafield>
   <datafield ind2=" " ind1=" " tag="260">
      <subfield code="c">2016-06-30</subfield>
   </datafield>
   <datafield ind2=" " ind1=" " tag="520">
      <subfield code="a">In this essay we address one of the most important poetic subgenres in the tradition of Carmelite women: the works composed for ceremonies of vestition and solemn profession in which the nuns left behind his mundane life and opened a new life as the wife of Jesus. First of all, we provide a general overview of the customs and functions of the poetry in the Discalced Carmelites, which has been already analysed in the context of the Hispanic literature, but rarely from the perspective of the Catalan area. Secondly, we present and contextualize a corpus of twenty-five unpublished compositions on vestitions and professions, copied in the manuscript of the Discalced Carmelites of Barcelona</subfield>
   </datafield>
   <datafield ind2=" " ind1=" " tag="520">
      <subfield code="a">En aquest treball analitzem les composicions escrites per a les cerimònies de presa d’hàbit i vel i la professió&#xd;
solemne al convent de la Immaculada Concepció de Barcelona. Aquests poemes amb què les religioses deixaven&#xd;
enrere la seva vida seglar i inauguraven un nou camí com a esposa de Jesucrist, amb una nova identitat construïda&#xd;
en la clausura, formen part d’un dels “subgèneres” poètics més importants i amb una presència més arrelada en la&#xd;
tradició poètica carmelitana femenina. Per a estudiar-los, en primer lloc, oferim una caracterització general necessària&#xd;
dels usos i funcions de la poesia i el cant al Carmel Descalç femení, aspecte que rarament havia estat tractat des d’una&#xd;
perspectiva catalana. En segon lloc, presentem i emmarquem un corpus tancat de vint-i-cinc composicions inèdites&#xd;
sobre vesticions i professions, que foren escrites per les monges mateixes i copiades posteriorment en el manuscrit&#xd;
de les carmelites descalces de Barcelona, recentment exhumat. N’analitzem les formes d’expressió poètica i els temes&#xd;
presents, per tractar d’extreure’n una identitat femenina carmelitana en el marc d’una tradició hispànica més àmplia</subfield>
   </datafield>
   <datafield ind1="8" ind2=" " tag="024">
      <subfield code="a">http://hdl.handle.net/10256/12554</subfield>
   </datafield>
   <datafield tag="653" ind2=" " ind1=" ">
      <subfield code="a">Carmelites -- Poesia</subfield>
   </datafield>
   <datafield tag="653" ind2=" " ind1=" ">
      <subfield code="a">Carmelites -- Congresses</subfield>
   </datafield>
   <datafield ind2="0" ind1="0" tag="245">
      <subfield code="a">Poesia, ritual i cant per a la festa: l'univers creatiu i festiu dels poemes de vesticions i professions al convent de carmelites descalces de Barcelona (segle XVII) = Poetry, ritual and chant for celebrations: the creative and festive universe of the poems of vesticions and professions in the convent of Discalced Carmelites of Barcelona (17th century)</subfield>
   </datafield>
</record></metadata></record></GetRecord></OAI-PMH>